| 000 | 00517nam a22001937a 4500 | ||
|---|---|---|---|
| 003 | NUST - PNEC | ||
| 005 | 20170116181203.0 | ||
| 008 | 160220b xxu||||| |||| 00| 0 eng d | ||
| 020 | _a9788131802229 | ||
| 040 | _cLIBRARY | ||
| 082 | _a621 RAJ | ||
| 100 |
_916546 _aRajput, R.K. |
||
| 245 |
_aElements of mechanical engineering _cR.K. Rajput |
||
| 250 | _a7th ed. | ||
| 260 |
_aNew Delhi: _bLaxmi Publications; _cc2014 |
||
| 300 | _a513 pages | ||
| 648 |
_916547 _aManufacturing process _xME |
||
| 942 |
_2ddc _cBK |
||
| 999 |
_c71545 _d71545 |
||